| 000 | 00424ntaaa2200181 4500 | ||
|---|---|---|---|
| 003 | 01 | ||
| 005 | 20251027202757.0 | ||
| 008 | 0714s1973 ag 01 | ||
| 040 |
_aAR-BaBN _bspa _cAR-BaBN _eaacr _dRIC |
||
| 082 | _a811.0000 D56 | ||
| 100 |
_aDickinson, Emily _927983 |
||
| 245 | _aObra escogida | ||
| 250 | _a1 ed. | ||
| 260 |
_aMéxico : _bEditorial Centauro, _c1946 |
||
| 300 | _a131 p | ||
| 500 | _aPoesías | ||
| 942 | _cBK | ||
| 999 |
_c23076 _d23076 |
||